000 00703nam a2200289Ia 4500
005 20260324131942.0
008 008 260324s9999 xx 000 0 eng d
020 _a9781315258379
037 _aEBOOK
040 _aCRL
040 _beng
040 _cCRL
041 _2eng
041 _aeng
084 _qCRL
100 _aDavid W. Thornton; Philip K. Lawrence
_91187469
245 0 _aDeep Stall
245 4 _bThe Turbulent Story of Boeing Commercial Airplanes
260 _bTaylor and Francis
260 _c2005
365 _a
365 _b230
856 _uhttp://www.taylorfrancis.com/books/9781315258379
942 _cEBOOK
999 _c1785086
_d1785086